| 000 | 00569nam a2200193Ia 4500 | ||
|---|---|---|---|
| 005 | 20250326142524.0 | ||
| 008 | 250326s9999 xx 000 0 und d | ||
| 020 | _a0-470-21083-4 | ||
| 037 | _aTextbook | ||
| 040 |
_aFMSL _beng _cFMSL |
||
| 041 |
_aeng _2eng |
||
| 084 |
_aX:74 M8 _qFMSL |
||
| 100 |
_aBarret Michael L _9746198 |
||
| 245 | 0 |
_aExpert Systems in banking: A practical approach _cBarret Michael L; Beerel Annabel C |
|
| 260 |
_aNew York _bNew York, John Wily _c1988 |
||
| 300 | _a259p | ||
| 942 |
_cTB _hX:74 M8 |
||
| 999 |
_c1295427 _d1295427 |
||